Japan reading guide : A select list of books on Japan with annotations

This bibliography contains entries on some 300 basic books on Japan and offers annotations.

Guardado en:
Detalles Bibliográficos
Formato: Libro
Lenguaje:Undetermined
Publicado: Tokyo International House of japan library 1986
Etiquetas: Agregar Etiqueta
Sin Etiquetas, Sea el primero en etiquetar este registro!
Thư viện lưu trữ: Trung tâm Học liệu Trường Đại học Cần Thơ
LEADER 00558nam a2200169Ia 4500
001 CTU_104710
008 210402s9999 xx 000 0 und d
082 |a 016.952 
082 |b J35 
245 0 |a Japan reading guide : 
245 2 |b A select list of books on Japan with annotations 
260 |a Tokyo 
260 |b International House of japan library 
260 |c 1986 
520 |a This bibliography contains entries on some 300 basic books on Japan and offers annotations. 
904 |i Truc 
980 |a Trung tâm Học liệu Trường Đại học Cần Thơ